La tormenta del siglo /

Por primera vez, Stephen King nos presenta un relato escrito expresamente para la televisión. La llaman la tormenta del siglo y se estima que será devastadora. Los habitantes de la isla de Little Tall ya han sido testigos de las violentas tormentas que azotan Maine, pero esta es distinta. No solo tr...

Descripción completa

Guardado en:
Autor Principal: King, Stephen.
Otros Autores: Cavándoli, Margarita ; trad.
Formato: Libro
Idioma:Undetermined
Publicado: Barcelona : Plaza & Janés, 2000.
Edición:1a ed.
Series:Jet ; 102/25
Materias:
Etiquetas: Agregar Etiqueta
Sin Etiquetas, Sea el primero en etiquetar este registro!
LEADER 01314nam a22002295a 4500
001 CEM.cems025021
008 251216s2000####sp############000#0#und#d
005 20251216181242.0
245 1 0 |a La tormenta del siglo /  |c Stephen King ; traducción de Margarita Cavándoli. 
250 |a 1a ed. 
260 |a Barcelona :  |b Plaza & Janés,  |c 2000. 
300 |a 570 p. 
490 1 |a Jet ;  |v 102/25 
500 |a Título original: Storm of the Century. 
520 |a Por primera vez, Stephen King nos presenta un relato escrito expresamente para la televisión. La llaman la tormenta del siglo y se estima que será devastadora. Los habitantes de la isla de Little Tall ya han sido testigos de las violentas tormentas que azotan Maine, pero esta es distinta. No solo trae consigo vientos huracanados y copiosas nevadas, sino también algo mucho peor. Algo que ni siquiera los isleños han visto jamás. Algo que nadie quiere ver... Todo se origina con la brutal muerte de un anciano y con la implacable exigencia del asesino: "Si me dais lo que quiero, me marcharé". 
020 |a 8401491029 
100 1 |a King, Stephen. 
700 1 |a Cavándoli, Margarita ; trad. 
653 |a Terror 
653 |a Literatura estadounidense 
653 |a Novela estadounidense 
859 |a CEMS  |b BIB. CEMS - 11 de abril  |h 813.5  |i K587-13  |p 30577.25  |t Ej.1